Techniques commerciales Terminale G 3

Saved in:
Bibliographic Details
Main Author: Dakka, Claudie
Format: Book
Language:French
Published: Paris Bordas 1990
Edition:1. éd.
Subjects:
Tags: Add Tag
No Tags, Be the first to tag this record!

MARC

LEADER 00000nam a2200000 4500
001 c001263
005 20221215130545.0
020 |a 2-04-018988-2 
041 0 |a fre 
044 |a FR 
245 1 0 |a Techniques commerciales  |b Terminale G 3  |c Claudie Dakka 
250 |a 1. éd. 
264 1 |a Paris  |b Bordas  |c 1990 
300 |a 235 s.  |e príl. 63 s. 
610 2 0 |a politika obchodná 
610 2 0 |a podnik 
610 2 0 |a pracovníci prevádzkoví 
610 2 0 |a pracovníci riadiaci 
610 2 0 |a prostredie pracovné 
610 2 0 |a podnik obchodný 
610 2 0 |a veľkoobchod 
610 2 0 |a maloobchod 
610 2 0 |a predaj 
610 2 0 |a marketing 
610 2 0 |a rozmiestenie podnikov 
610 2 0 |a trh vnútorný 
100 1 |a Dakka, Claudie